| 000 | 00909nmm a2200241 i 4500 | ||
|---|---|---|---|
| 001 | bg | ||
| 245 | 0 | 0 |
_aZiemia _h[Dokument elektroniczny] / _cred. i oprac. danych Wojciech Batura [et al.]. |
| 254 | _aMultimedia | ||
| 260 |
_aWrocław : _bpwn.pl, _ccop. 2001. |
||
| 300 |
_a1 dysk optyczny (CD-ROM) : _bdźw., kolor. ; _c12 cm. |
||
| 490 | 1 |
_aEncyklopedia pwn.pl. Seria Multimedialna. Natura, _x1642-0071 ; _v1 |
|
| 500 | _aTyt. z etykiety dysku. | ||
| 500 | _aWymagania systemowe: IBM PC; Window 95 PL lub nowsze; procesor Pentium 166 MHz MMX; Ram 32 MB; czytnik CD-ROM; karta graficzna; karta dźwiękowa. | ||
| 650 | 9 | _aZiemia | |
| 655 | _aDokumenty elektroniczne | ||
| 700 | 1 | _aBATURA, Wojciech | |
| 830 | 0 |
_aEncyklopedia pwn.pl. _pSeria Multimedialna. Natura |
|
| 040 | _cBPK | ||
| 041 | 0 | _apol | |
| 080 | _a551.1:523.31:22.06/.08 | ||
| 942 | _cCD | ||
| 008 | s pl f |000 0 pol | ||
| 999 |
_c24080 _d24080 |
||
| 856 |
_uhttp://koha.tu.koszalin.pl/cgi-bin/koha/opac-detail.pl?biblionumber=24080 _yKatalog online BPK |
||